00365cam a22001457a 4500008004000000020001500040082001300055100001800068245005200086260003000138300001000168650001400178650001400192650001300206180718b2004 xxu||||| |||| 00| 0 eng d a8173916489 aT19 C392 aChaubey, P.K. aInequality: issues and indicescby P.K. Chaubey aNew DelhibKanishkac2004 a140p. aEquations aEconomics aEquality